00669nam a22001817a 450000500170000001000150001702000260003203500140005803700130007208200080008510000240009324501800011726000240029727000470032130000400036850000480040870000310045620181228120749.0 aENG-124446 c650.00a9788173812804 aEN-107978 bDBAD/PUB a611 aChakraborty, Dhruba aFundamentals of human anatomy:cby Dhruba Chakraborty [and] Netai Chandra Chakrabortyb[head and neck, eyeball, special embryology, surface and radiologica anatomy] vol. III / bNCBAc2017aKolkata bKolkatae700009a8/1 Chintamoni Das Lane,  axvi,381p.c24cm.(pbk)bill. picture aIt includes appendix of chapter 1 and index aChakraborty, Netai Chandra